| 000 | 00855nas a2200277 4500 | ||
|---|---|---|---|
| 001 | BR9207888 | ||
| 003 | BR-BrBNA | ||
| 005 | 20231205093044.0 | ||
| 007 | ta | ||
| 008 | 230509b bl.|||p| |||| 00| 00por d | ||
| 040 |
_aBR-BrBNA _bpor _cBiblioteca Nacional de Agricultura |
||
| 041 | _a(Pt) | ||
| 072 | _aL10 | ||
| 100 | 1 | _aNovaes, A.P. | |
| 100 | 1 | _aBiscegli, C.I. | |
| 100 | 1 | _aBugner, M. | |
| 100 | 1 | _aTambasco, A.J. | |
| 100 | 1 | _aSilva, A.E.D.F. | |
| 245 | 1 | _aEquipamento simples para a micromanipulacao de embrioes | |
| 246 | 1 | _aSimple equipment for egg micromanipulation | |
| 650 | _aTRANSFERENCIA DE EMBRIAO | ||
| 650 | _aEQUIPAMENTO PECUARIO | ||
| 773 | 0 |
_tArquivos de Biologia e Tecnologia (Brazil) _xISSN 0365-0979 _g(Aug 1990), v. 33(2) p. 345-351 _wBR9207888 |
|
| 909 |
_a202311 _bLúcia _c55 _dLúcia Elande |
||
| 942 |
_2AGRIS _n0 _cANA |
||
| 999 |
_c135927 _d135927 |
||